000 00424nam a22001697a 4500
003 NUST - PNEC
005 20170116181139.0
008 151007b xxu||||| |||| 00| 0 eng d
040 _cLIBRARY
082 _a621.4021 BEJ
100 _914544
_aBejan, Adrian
245 _aAdvanced engineering thermodynamics
_cAdrian Bejan
250 _a-
260 _cc.1988
650 _914545
_aThermodynamics
_xME
942 _2ddc
_cBK
999 _c70419
_d70419